[Event "DSOL 06 Liga Final 1st"]
[Site "Playchess.com INT"]
[Date "2020.09.04"]
[Round "2.3"]
[White "Ponto, Michael"]
[Black "Beyer, Clemens"]
[Result "1-0"]
[WhiteElo "1573"]
[BlackElo "1614"]
[PlyCount "97"]
[EventDate "2020.06.22"]
[EventType "team-k.o. (rapid)"]
[EventCountry "GER"]
[SourceTitle "EXT 2021"]
[Source "ChessBase"]
[SourceDate "2020.10.23"]
[SourceVersion "1"]
[SourceVersionDate "2020.10.23"]
[SourceQuality "1"]
[WhiteTeam "Horst Emscher II"]
[BlackTeam "Barnim"]
[WhiteTeamCountry "GER"]
[BlackTeamCountry "GER"]

1. e4 c6 2. d4 d5 3. Nc3 dxe4 4. Nxe4 Bf5 5. Ng3 Bg6 6. Nf3 Nd7 7. Bc4 e6 8. 0-0 Ngf6 9. c3 Be7 10. Re1 0-0 11. Bf4 Qb6 12. Bb3 Rad8 13. Qe2 Rfe8 14. Nh4 Nf8 15. Rad1 Nd5 16. Nxg6 Nxg6 17. Bc1 Bd6 18. Ne4 Be7 19. g3 Nf6 20. h4 Nxe4 21. Qxe4 Bd6 22. h5 Nf8 23. Kg2 c5 24. Ba4 Nd7 25. Bc2 Nf6 26. Qf3 Qc6 27. Qxc6 bxc6 28. h6 g6 29. Ba4 Rc8 30. Bg5 Nd5 31. dxc5 Bxc5 32. b4 Nxc3 33. bxc5 Nxa4 34. Rd7 Nxc5 35. Rxa7 Ra8 36. Rxa8 Rxa8 37. Rc1 Ne4 38. Be3 Ra6 39. Rd1 Kf8 40. Rd8+ Ke7 41. Rh8 c5 42. Rxh7 c4 43. Rg7 Kf6 44. Rg8 Ng5 45. Bxg5+ Kxg5 46. h7 c3 47. h8Q c2 48. Qh4+ Kf5 49. Qf4# 1-0

[Event "DSOL 06 Liga Final 1st"]
[Site "Playchess.com INT"]
[Date "2020.08.24"]
[Round "1.3"]
[White "Ponto, Michael"]
[Black "Fellberg, Thorsten"]
[Result "0-1"]
[WhiteElo "1573"]
[BlackElo "1618"]
[PlyCount "108"]
[EventDate "2020.06.22"]
[EventType "team-k.o. (rapid)"]
[EventCountry "GER"]
[SourceTitle "EXT 2021"]
[Source "ChessBase"]
[SourceDate "2020.10.23"]
[SourceVersion "1"]
[SourceVersionDate "2020.10.23"]
[SourceQuality "1"]
[WhiteTeam "Horst Emscher II"]
[BlackTeam "Wilhelmsburg"]
[WhiteTeamCountry "GER"]
[BlackTeamCountry "GER"]

1. e4 c6 2. d4 d5 3. e5 Bf5 4. Bd3 Bxd3 5. Qxd3 e6 6. Nf3 c5 7. c3 Nc6 8. 0-0 Qb6 9. dxc5 Bxc5 10. b4 Be7 11. a4 Bd8 12. a5 Qc7 13. Re1 Nge7 14. Na3 a6 15. Bf4 Ng6 16. Bg3 0-0 17. h4 Rc8 18. Rac1 Qe7 19. h5 Nh8 20. Bh4 Qd7 21. Ng5 g6 22. Qg3 Ne7 23. hxg6 Nhxg6 24. Nf3 Nf5 25. Qg4 Nfxh4 26. Nxh4 Bxh4 27. g3 Be7 28. Kg2 d4 29. Rh1 Qd5+ 30. f3 Qxe5 31. Rce1 Qg7 32. Nc2 Bf6 33. Rh2 Rxc3 34. Qe4 Rfc8 35. Kh1 d3 36. Ne3 Rc1 37. Nd1 R8c2 38. Qxd3 Rxh2+ 39. Kxh2 Ne5 40. Qe3 Rc2+ 41. Re2 Rxe2+ 42. Qxe2 Qh6+ 43. Kg2 Qc1 44. Nf2 Qc4 45. Qe3 Qxb4 46. f4 Ng6 47. Ng4 Bg7 48. Qd3 Qd4 49. Qc2 Qd5+ 50. Kf2 Bd4+ 51. Ne3 Qc5 52. Qxc5 Bxc5 53. Kf3 Bxe3 54. Kxe3 Kf8 0-1

[Event "DSOL 06 Liga Gr-C 1st"]
[Site "Playchess.com INT"]
[Date "2020.07.22"]
[Round "5.3"]
[White "Chen, Michelle"]
[Black "Ponto, Michael"]
[Result "0-1"]
[WhiteElo "1122"]
[BlackElo "1573"]
[PlyCount "90"]
[EventDate "2020.06.22"]
[EventType "team-tourn (rapid)"]
[EventCountry "GER"]
[SourceTitle "EXT 2021"]
[Source "ChessBase"]
[SourceDate "2020.10.23"]
[SourceVersion "1"]
[SourceVersionDate "2020.10.23"]
[SourceQuality "1"]
[WhiteTeam "Norderstedt III"]
[BlackTeam "Horst Emscher II"]
[WhiteTeamCountry "GER"]
[BlackTeamCountry "GER"]

1. d4 d5 2. c4 c6 3. Nc3 Nf6 4. e3 g6 5. Nf3 Bg7 6. Bd3 0-0 7. 0-0 Nbd7 8. Re1 Re8 9. e4 dxe4 10. Nxe4 Nxe4 11. Bxe4 Nf6 12. Bc2 Qc7 13. g3 Bg4 14. Bf4 Qb6 15. Be3 Rad8 16. d5 Qxb2 17. Bd4 Qa3 18. Bxf6 Bxf6 19. Rb1 Qxf3 20. Qxf3 Bxf3 21. dxc6 Bxc6 22. Bb3 Rd2 23. Red1 Red8 24. f4 Bf3 25. Rxd2 Rxd2 26. Rf1 Bd4+ 27. Rf2 Bxf2+ 28. Kf1 Bd4 29. Ke1 Rxh2 30. a4 Bf2+ 31. Kd2 Bxg3+ 32. Kd3 Bxf4 33. Kd4 h5 34. c5 Rd2+ 35. Kc3 h4 36. Kb4 h3 37. Kb5 h2 38. a5 h1Q 39. a6 Be2+ 40. Kb4 Qe4+ 41. Kc3 Qd3+ 42. Kb4 Qb5+ 43. Ka3 Be5 44. axb7 Qxb7 45. Ba4 Qb2# 0-1

[Event "Gelsenkirchen Koenigsspringer op"]
[Site "Gelsenkirchen"]
[Date "2019.12.27"]
[Round "2"]
[White "Ponto, Michael"]
[Black "Blanc, Finn Lasse"]
[Result "0-1"]
[WhiteElo "1719"]
[BlackElo "1241"]
[PlyCount "66"]
[EventDate "2019.12.27"]
[EventType "swiss"]
[EventRounds "7"]
[EventCountry "GER"]
[SourceTitle "CBM 194 Extra"]
[Source "ChessBase"]
[SourceDate "2020.03.31"]
[SourceVersion "1"]
[SourceVersionDate "2020.03.31"]
[SourceQuality "1"]

1. c4 Nf6 2. d4 e5 3. d5 Bc5 4. Nf3 d6 5. Nc3 Bg4 6. Bg5 h6 7. Bh4 g5 8. Bg3 Nbd7 9. h3 Bh5 10. e3 e4 11. Be2 exf3 12. Bxf3 Bxf3 13. Qxf3 Qe7 14. a3 Ne5 15. Qe2 a6 16. b4 Ba7 17. 0-0 h5 18. b5 a5 19. Kh1 h4 20. Bh2 0-0-0 21. f4 gxf4 22. exf4 Ng6 23. Qd3 Qe3 24. Qf5+ Nd7 25. Ne4 Rhe8 26. Nf6 Re7 27. Bg1 Qc3 28. Nxd7 Rdxd7 29. Bxa7 b6 30. Rac1 Qg3 31. c5 Nxf4 32. Qg4 Qxg4 33. hxg4 dxc5 0-1

[Event "Gelsenkirchen Silvester op 6th"]
[Site "Gelsenkirchen"]
[Date "2018.12.28"]
[Round "3"]
[White "Ponto, Michael"]
[Black "Hart, Theo1111"]
[Result "1/2-1/2"]
[WhiteElo "1742"]
[BlackElo "1922"]
[PlyCount "94"]
[EventDate "2018.12.27"]
[EventType "swiss"]
[EventRounds "7"]
[EventCountry "GER"]
[SourceTitle "CBM 188 Extra"]
[Source "ChessBase"]
[SourceDate "2019.02.26"]
[SourceVersion "1"]
[SourceVersionDate "2019.02.26"]
[SourceQuality "1"]

1. c4 e5 2. Nc3 Nf6 3. Nf3 Nc6 4. e4 d6 5. h3 Be6 6. d4 exd4 7. Nxd4 Bd7 8. Be3 Be7 9. Rc1 0-0 10. Bd3 Ne5 11. Be2 a6 12. 0-0 Re8 13. f4 Nc6 14. Qc2 Bf8 15. Bf2 Nxd4 16. Bxd4 Bc6 17. Bf3 Nd7 18. Nd5 Rc8 19. b4 b6 20. Bg4 Rb8 21. Rce1 Ba8 22. Qa4 c6 23. Bxd7 b5 24. cxb5 axb5 25. Qa5 cxd5 26. Bxe8 Qxe8 27. exd5 Qd7 28. Qa7 Qd8 29. Rc1 Bxd5 30. Qc7 Bxa2 31. Qxd8 Rxd8 32. Rc7 Bb3 33. Rfc1 Bc4 34. g3 h6 35. Kf2 Ra8 36. Ra7 Re8 37. Re1 Rc8 38. Rea1 Re8 39. Re1 Rc8 40. Rea1 Bd5 41. Rd1 Be6 42. g4 Bb3 43. Rd3 Bc4 44. Rda3 Bd5 45. Rc3 Bc4 46. Rca3 Bd5 47. Rc3 Bc4 1/2-1/2

[Event "Ruhrgebiet Verbandsklasse Gruppe 1 1819"]
[Site "Nordrheinwestfalen"]
[Date "2018.10.07"]
[Round "2.8"]
[White "Ponto, Michael"]
[Black "Mueller, Andreas"]
[Result "0-1"]
[WhiteElo "1666"]
[BlackElo "1688"]
[PlyCount "84"]
[EventDate "2018.09.23"]
[EventType "team-tourn"]
[EventRounds "9"]
[EventCountry "GER"]
[SourceTitle "EXT 2022"]
[Source "ChessBase"]
[SourceDate "2021.10.06"]
[SourceVersion "1"]
[SourceVersionDate "2021.10.06"]
[SourceQuality "1"]
[WhiteTeam "Horst Emscher II"]
[BlackTeam "Werl SC 1981"]
[WhiteTeamCountry "GER"]
[BlackTeamCountry "GER"]

1. c4 e6 2. Nf3 d5 3. e3 Nf6 4. Nc3 c5 5. d4 dxc4 6. Bxc4 Nc6 7. 0-0 Be7 8. b3 0-0 9. Bb2 a6 10. a4 b6 11. Rc1 Bb7 12. Ne2 Nb4 13. Ne5 Be4 14. Nc3 Bb7 15. f4 Nbd5 16. Nxd5 Nxd5 17. Qe2 Bd6 18. Nd3 Nb4 19. Qg4 Nxd3 20. Bxd3 g6 21. f5 h5 22. Qh3 exf5 23. dxc5 Bxc5 24. Bxf5 Qg5 25. Rxc5 bxc5 26. Bd3 Bd5 27. e4 Bxb3 28. Bf6 Qh6 29. g4 Be6 30. Be2 Rab8 31. Qg3 Rb3 32. Qg2 Qe3+ 33. Kh1 Qh3 34. Qf2 Bxg4 35. Bxg4 Qxg4 36. e5 Rfb8 37. Be7 Qe6 38. Qxc5 Rb1 39. Rxb1 Rxb1+ 40. Kg2 Qg4+ 41. Kf2 Rb2+ 42. Ke1 Qe2# 0-1

[Event "Gelsenkirchen Silvester op 4th"]
[Site "Gelsenkirchen"]
[Date "2016.12.27"]
[Round "2"]
[White "Ponto, Michael"]
[Black "Wingerning, Fynn"]
[Result "1-0"]
[WhiteElo "1810"]
[BlackElo "1119"]
[PlyCount "59"]
[EventDate "2016.12.27"]
[EventType "swiss"]
[EventRounds "5"]
[EventCountry "GER"]
[SourceTitle "EXT 2019"]
[Source "ChessBase"]
[SourceDate "2018.10.10"]
[SourceVersion "1"]
[SourceVersionDate "2018.10.10"]
[SourceQuality "1"]

1. e4 e5 2. Nf3 Nc6 3. c3 Nf6 4. d4 exd4 5. cxd4 Nxe4 6. Bd3 Nf6 7. 0-0 d5 8. Nc3 Bg4 9. Be3 Qd7 10. Re1 0-0-0 11. Rc1 Bb4 12. a3 Ba5 13. Qc2 a6 14. h3 Bxf3 15. Bf5 Bh5 16. Bxd7+ Nxd7 17. b4 Bb6 18. Nxd5 Bxd4 19. Bxd4 Nb6 20. Nxb6+ cxb6 21. Qf5+ Kb8 22. Qxh5 Rxd4 23. Rxc6 Ka7 24. Qxf7 a5 25. Qc7 Rb8 26. bxa5 Ra4 27. Rxb6 Rxa5 28. Rxb7+ Rxb7 29. Qxa5+ Kb8 30. Re8# 1-0

[Event "Gelsenkirchen Silvester op 3rd"]
[Site "Gelsenkirchen"]
[Date "2015.12.29"]
[Round "5"]
[White "Brands, Julian"]
[Black "Ponto, Michael"]
[Result "1/2-1/2"]
[WhiteElo "1463"]
[BlackElo "1806"]
[PlyCount "77"]
[EventDate "2015.12.27"]
[EventType "swiss"]
[EventRounds "5"]
[EventCountry "GER"]
[SourceTitle "EXT 2019"]
[Source "ChessBase"]
[SourceDate "2018.10.10"]
[SourceVersion "1"]
[SourceVersionDate "2018.10.10"]
[SourceQuality "1"]

1. e4 c5 2. Nc3 Nc6 3. g3 e5 4. Bg2 Nf6 5. d3 h6 6. Nge2 Be7 7. 0-0 0-0 8. f4 d6 9. h3 Re8 10. Be3 Nd4 11. Qd2 Bd7 12. Nd1 Rc8 13. c3 Nc6 14. Nf2 Nh7 15. f5 Bg5 16. Ng4 h5 17. Nh2 Bxe3+ 18. Qxe3 Qg5 19. Qf2 Rf8 20. Nf3 Qf6 21. Kh2 g6 22. Nh4 g5 23. Nf3 Kh8 24. Ne1 Ne7 25. Nc2 b6 26. Ne3 Bc6 27. a4 a5 28. Nc1 Ng8 29. Nb3 Qh6 30. g4 Ngf6 31. Bf3 hxg4 32. Nxg4 Nxg4+ 33. Bxg4 Nf6 34. Qe2 Kg7 35. Nd2 d5 36. exd5 Bxd5 37. Ne4 Bxe4 38. dxe4 Nxg4+ 39. Qxg4 1/2-1/2

[Event "Gelsenkirchen Silvester op 3rd"]
[Site "Gelsenkirchen"]
[Date "2015.12.27"]
[Round "1"]
[White "Martino Gross, Peter"]
[Black "Ponto, Michael"]
[Result "1-0"]
[WhiteElo "2107"]
[BlackElo "1806"]
[PlyCount "80"]
[EventDate "2015.12.27"]
[EventType "swiss"]
[EventRounds "5"]
[EventCountry "GER"]
[SourceTitle "EXT 2019"]
[Source "ChessBase"]
[SourceDate "2018.10.10"]
[SourceVersion "1"]
[SourceVersionDate "2018.10.10"]
[SourceQuality "1"]

1. Nf3 d5 2. c4 c6 3. d4 Nf6 4. g3 Bf5 5. Nbd2 h6 6. Bg2 e6 7. 0-0 Bd6 8. b3 Nbd7 9. Bb2 0-0 10. Re1 dxc4 11. e4 Bb4 12. bxc4 Nxe4 13. Nxe4 Bxe1 14. Qxe1 Nb6 15. Ned2 Qc7 16. Qd1 Rfe8 17. Qb3 Nd7 18. Re1 Rab8 19. Ne5 f6 20. Nxd7 Qxd7 21. Nf3 b5 22. d5 a5 23. Nh4 Bh7 24. a3 g5 25. Nf3 a4 26. Qc3 Rf8 27. Nd2 Rbc8 28. Qe3 Rfe8 29. Ne4 Bxe4 30. Qxe4 Qf7 31. Bh3 f5 32. Qe5 Kh7 33. Bf1 Rcd8 34. Bg2 Rc8 35. Bc3 Kg6 36. g4 Kh7 37. Qd6 e5 38. Rxe5 Rxe5 39. Qxe5 fxg4 40. Be4+ Kg8 1-0

[Event "Herne-ch 14th"]
[Site "Herne"]
[Date "2011.02.15"]
[Round "2"]
[White "Ponto, Michael"]
[Black "Deutschmann, Juergen"]
[Result "1/2-1/2"]
[WhiteElo "1630"]
[BlackElo "1701"]
[PlyCount "80"]
[EventDate "2011.02.07"]
[EventType "swiss"]
[EventRounds "7"]
[EventCountry "GER"]
[SourceTitle "EXT 2014"]
[Source "ChessBase"]
[SourceDate "2013.11.20"]
[SourceVersion "1"]
[SourceVersionDate "2013.11.20"]
[SourceQuality "1"]

1. c4 c5 2. Nc3 Nc6 3. Nf3 Nf6 4. e4 e5 5. b3 d6 6. h3 g6 7. d3 Bg7 8. Bg5 Qa5 9. Bd2 Qd8 10. Be2 0-0 11. 0-0 h6 12. Qc1 Nd4 13. Nxd4 cxd4 14. Nd5 Nxd5 15. cxd5 Kh7 16. f4 f5 17. fxe5 dxe5 18. Bb4 Rf6 19. a4 a5 20. Bd2 f4 21. Qc2 Bf8 22. Rfc1 Rf7 23. Qd1 Bd6 24. Rc4 b6 25. Qe1 Ba6 26. Rc2 Rc8 27. Rac1 Rxc2 28. Rxc2 Rc7 29. Qc1 Rxc2 30. Qxc2 Qc8 31. Qxc8 Bxc8 32. Be1 Bd7 33. Kh2 Kg7 34. g3 fxg3+ 35. Kxg3 Kf6 36. h4 Kf7 37. Bd2 Kg7 38. h5 g5 39. Bg4 Bxg4 40. Kxg4 Kf6 1/2-1/2

[Event "Herne-ch 14th"]
[Site "Herne"]
[Date "2011.02.07"]
[Round "1"]
[White "Brinkmann, Uwe"]
[Black "Ponto, Michael"]
[Result "1-0"]
[WhiteElo "1950"]
[BlackElo "1630"]
[PlyCount "87"]
[EventDate "2011.02.07"]
[EventType "swiss"]
[EventRounds "7"]
[EventCountry "GER"]
[SourceTitle "EXT 2014"]
[Source "ChessBase"]
[SourceDate "2013.11.20"]
[SourceVersion "1"]
[SourceVersionDate "2013.11.20"]
[SourceQuality "1"]

1. e4 d5 2. exd5 Nf6 3. d4 Nxd5 4. c4 Nf6 5. Nc3 c6 6. Bg5 e6 7. Nf3 Be7 8. Be2 Nbd7 9. 0-0 0-0 10. Qc2 b6 11. Rad1 Bb7 12. Rd2 Qc7 13. Rfd1 h6 14. Bh4 Bd6 15. a3 a6 16. b4 Bf4 17. Bg3 Bxg3 18. hxg3 Rad8 19. a4 Rfe8 20. Kf1 Nf8 21. Qb2 Ng6 22. Bd3 Ne7 23. Bb1 Nc8 24. Qc2 Nd6 25. Qa2 Ra8 26. c5 Nc8 27. a5 b5 28. Qc2 Ne7 29. Ne4 Nxe4 30. Qxe4 Ng6 31. Qc2 f5 32. Re2 Rad8 33. Rde1 Nf8 34. Ba2 g6 35. Bxe6+ Kg7 36. Bb3 Rxe2 37. Rxe2 Bc8 38. Qc3 Kh7 39. Qe3 Rd7 40. Qe8 Kg7 41. Ne5 Rxd4 42. Nxc6 Rd7 43. Re7+ Rxe7 44. Nxe7 1-0